Evolution, history and collective subjectivity /

Zapisane w:
Opis bibliograficzny
1. autor: Domingues, José Mauricio
Format: Texto
Etykiety: Dodaj etykietę
Nie ma etykietki, Dołącz pierwszą etykiete!

MARC

LEADER 00000 a a2200000 04500
001 48676
003
040
100 |a Domingues, José Mauricio  
245 |a Evolution, history and collective subjectivity /  |c José Mauricio Domingues  
773 |g volumen 47, número 3, (1999), páginas 1-34  
999 |c 29309  |d 29309